| 000 | 00654nam a2200205 i 4500 | ||
|---|---|---|---|
| 001 | 72342 | ||
| 003 | ES-MaACL | ||
| 005 | 20250803113748.0 | ||
| 007 | t| | ||
| 008 | 040831s1977 sp ||||1| spa d | ||
| 100 | 1 |
_aGinsberg, Allen, _d1926-1997 _eaut _9241540 |
|
| 245 | 1 | 3 |
_aLa caída de América : _bpoemas de estos Estados, 1965-1971 / _cAllen Ginsberg ; traducción de Antonio Resines. |
| 260 |
_aMadrid : _bAlberto Corazón, _c1977. |
||
| 300 |
_a241 p. ; _c19 cm. |
||
| 655 | 7 |
_2tgfbne _9176539 _aPoesías |
|
| 700 | 1 |
_aResines, Antonio. _996327 _etrl |
|
| 852 |
_aES-MaACL _jA-7832 _bR.96898 |
||
| 942 | _2udc | ||
| 999 |
_c72342 _d72342 |
||